000 01328nam a2200277Ia 4500
003 OSt
005 20210818094958.0
008 210310s2007 ck ad gr 000 0 spa d
020 _a9789581202416
040 _aCO-JMCR
_cCO-JMCR
041 0 _aspa
082 0 4 _a338.5 /
_bP436d
_223
100 1 _aPereira Villa, Catherine,
_917014
_eautora
245 1 0 _aDel conocimiento de la microeconomía a las decisiones /
_cCatherine Pereira Villa, Ignacio Gómez Roldán
250 _aPrimera edición
260 _aBogotá :
_bUniversidad de La Sabana,
_c2007
300 _a93 páginas :
_bilustraciones y gráficas a blanco y negro ;
_c24 cm.
490 0 _aNotas de Clase
504 _aBibliografía: página 93
505 0 _aExplicación matemática de las funciones -- Funciones de oferta y demanda -- Excedentes del consumidor y del productor -- Elasticidad -- Ejercicios prácticos de oferta y demanda - El concepto de marginalidad y el uso de la derivada -- Ejercicios de maximización -- Ejercicios de maximización y elasticidad -- Decisiones de precios
650 1 4 _aOferta y demanda
_917016
_xProblemas, ejercicios, etc.
650 2 4 _aMicroeconomía
_xToma de decisiones
_939446
650 2 4 _aMicroeconomía
_xProblemas, ejercicios, etc.
_939447
700 1 _aGómez Roldán, Ignacio,
_eautor
_939448
942 _2ddc
_cBK
999 _c8350
_d8350